[Event "Campeonato Aragon Preferente 2019"]
[Site "?"]
[Date "2019.02.02"]
[Round "2.57"]
[White "Garcia Alriols, Jesus"]
[Black "Cebollada Pacheco, Jesus Raul"]
[Result "0-1"]
[WhiteElo "1806"]
[BlackElo "2031"]
[PlyCount "128"]
[EventDate "2019.??.??"]
[EventType "team-tourn"]
[EventRounds "9"]
[EventCountry "ESP"]
[WhiteTeam "Binefar"]
[BlackTeam "St. Casablanca B"]

1. e4 e5 2. Nf3 Nc6 3. Bb5 a6 4. Ba4 Nf6 5. d3 d6 6. c3 g6 7. O-O Bg7 8. Nbd2
O-O 9. Re1 Nd7 10. Bxc6 bxc6 11. d4 c5 12. Nc4 Nb6 13. Ne3 exd4 14. cxd4 cxd4
15. Nxd4 Bb7 16. f3 Re8 17. Nb3 Rb8 18. Rb1 c5 19. Na5 Ba8 20. b3 d5 21. Bb2
Bxb2 22. Rxb2 dxe4 23. Rd2 Qg5 24. f4 Qxf4 25. Rf2 Qg5 26. Qe2 h5 27. Nac4 Re6
28. Ref1 Nxc4 29. bxc4 Re7 30. Rf4 Qe5 31. Qd2 Qd4 32. R4f2 Rd8 33. Rd1 Qxd2
34. Rfxd2 Rxd2 35. Rxd2 Bb7 36. Rd6 Kg7 37. Kf2 Rc7 38. g3 Rc6 39. Rd7 Bc8 40.
Rd8 Be6 41. Ra8 Rb6 42. a4 Rb2+ 43. Ke1 Kf6 44. Rxa6 Ke5 45. Kd1 Kd4 46. Nc2+
Kc3 47. Ne3 Bxc4 48. Nxc4 Kxc4 49. a5 Rxh2 50. Rf6 Kb5 51. a6 Ra2 52. Rxf7 Rxa6
53. Re7 Ra3 54. g4 Rd3+ 55. Ke2 Rd4 56. gxh5 gxh5 57. Rh7 Rd5 58. Ke3 Re5 59.
Rh6 Kb4 60. Rb6+ Kc3 61. Rb7 c4 62. Rb6 Kc2 63. Kd4 e3 64. Ra6 e2 0-1

[Event "Campeonato Aragon Preferente 2019"]
[Site "?"]
[Date "2019.02.02"]
[Round "2.58"]
[White "Sanjulian Arruga, Pablo"]
[Black "Saura Solano, Jose Luis"]
[Result "1-0"]
[WhiteElo "1850"]
[BlackElo "1773"]
[PlyCount "43"]
[EventDate "2019.??.??"]
[EventType "team-tourn"]
[EventRounds "9"]
[EventCountry "ESP"]
[WhiteTeam "St. Casablanca B"]
[BlackTeam "Binefar"]

1. c4 Nf6 2. Nc3 e6 3. Nf3 c5 4. d4 cxd4 5. Nxd4 Nc6 6. Nc2 Be7 7. e4 a6 8. Be2
Qc7 9. O-O O-O 10. Be3 Rd8 11. f4 d5 12. cxd5 exd5 13. e5 d4 14. exf6 dxc3 15.
fxe7 Qxe7 16. Qc1 Bf5 17. Rf3 Rd2 18. Bxd2 cxd2 19. Qxd2 Bxc2 20. Qxc2 Nd4 21.
Qd2 Nxe2+ 22. Kf1 1-0

[Event "Campeonato Aragon Preferente 2019"]
[Site "?"]
[Date "2019.02.02"]
[Round "2.59"]
[White "Rosa Garcia, Jesus"]
[Black "Ayensa Garcia, Miguel Angel"]
[Result "0-1"]
[WhiteElo "1728"]
[BlackElo "1849"]
[PlyCount "68"]
[EventDate "2019.??.??"]
[EventType "team-tourn"]
[EventRounds "9"]
[EventCountry "ESP"]
[WhiteTeam "Binefar"]
[BlackTeam "St. Casablanca B"]

1. b4 g6 2. Bb2 Nf6 3. c4 Bg7 4. Nf3 O-O 5. e3 d5 6. cxd5 Nxd5 7. Bxg7 Kxg7 8.
a3 c6 9. Be2 a5 10. b5 cxb5 11. Bxb5 Bd7 12. Bxd7 Qxd7 13. O-O Nc6 14. d4 b5
15. Qb3 b4 16. e4 Nf4 17. d5 Qg4 18. g3 Ne2+ 19. Kh1 Ncd4 20. Nxd4 Nxd4 21. Qd3
Qf3+ 22. Qxf3 Nxf3 23. Kg2 Nd4 24. Rd1 Nc2 25. Ra2 b3 26. Rb2 a4 27. e5 Rfd8
28. d6 exd6 29. exd6 Rac8 30. Kf3 Rc6 31. d7 Rc7 32. h3 Rcxd7 33. Rxd7 Rxd7 34.
Nc3 Rd3+ 0-1

[Event "Campeonato Aragon Preferente 2019"]
[Site "?"]
[Date "2019.02.02"]
[Round "2.60"]
[White "Ayensa Vazquez, Jose Angel"]
[Black "Arino Castan, Federico"]
[Result "0-1"]
[WhiteElo "1431"]
[BlackElo "1727"]
[PlyCount "82"]
[EventDate "2019.??.??"]
[EventType "team-tourn"]
[EventRounds "9"]
[EventCountry "ESP"]
[WhiteTeam "St. Casablanca B"]
[BlackTeam "Binefar"]

1. c4 Nf6 2. g3 d5 3. cxd5 Nxd5 4. Bg2 g6 5. Nc3 Nxc3 6. bxc3 Bg7 7. Rb1 c6 8.
Nf3 O-O 9. O-O Nd7 10. Bb2 Qa5 11. a4 Nb6 12. Ra1 Re8 13. Qc2 Nc4 14. Rfb1 Nxb2
15. Rxb2 Rb8 16. Rab1 Qc7 17. Ra2 Be6 18. Rab2 Red8 19. Ne1 b6 20. d3 h6 21.
Qd2 Kh7 22. Nc2 c5 23. Na3 Qe5 24. Nb5 a6 25. Na7 Qxc3 26. Nc6 Qxd2 27. Rxd2
Re8 28. Nxb8 Rxb8 29. a5 b5 30. Rc2 b4 31. Rxc5 b3 32. Rcc1 Rb5 33. e3 Rxa5 34.
d4 Rb5 35. Be4 a5 36. Bd3 Rb4 37. Rc7 a4 38. Ra7 b2 39. Bc2 Ba2 40. Rxa4 Rxa4
41. Bxa4 Bxb1 0-1

[Event "Campeonato Aragon Preferente 2019"]
[Site "?"]
[Date "2019.02.02"]
[Round "2.61"]
[White "Farinas Argudo, Adrian"]
[Black "Fontana Sotomayor, Luis Javier"]
[Result "1/2-1/2"]
[WhiteElo "1794"]
[BlackElo "2256"]
[PlyCount "137"]
[EventDate "2019.??.??"]
[EventType "team-tourn"]
[EventRounds "9"]
[EventCountry "ESP"]
[WhiteTeam "Marcos Frechin B"]
[BlackTeam "Jaime Casas B"]

1. d4 d5 2. Nf3 Nf6 3. Bf4 c6 4. c3 Bf5 5. e3 Nbd7 6. Nbd2 h6 7. h3 e6 8. Be2
Be7 9. O-O O-O 10. a4 a5 11. Qb3 Ra7 12. Rfc1 Ne4 13. Nxe4 Bxe4 14. c4 dxc4 15.
Qxc4 Nb6 16. Qb3 Nd5 17. Bh2 Nb4 18. Ne5 Bd6 19. Nd3 Bxh2+ 20. Kxh2 Bxd3 21.
Bxd3 e5 22. Rd1 exd4 23. Qc4 Qf6 24. exd4 Raa8 25. Be2 Rad8 26. Bf3 Qf4+ 27.
Kg1 Rd6 28. Qc5 Rfd8 29. d5 cxd5 30. Qxa5 b6 31. Qb5 Nc2 32. Rac1 Nd4 33. Qd3
Nxf3+ 34. Qxf3 Qxa4 35. Rc7 Rf6 36. Rxd5 Rxd5 37. Qxd5 Qa1+ 38. Kh2 Qxb2 39.
Rc8+ Kh7 40. Qe4+ Rg6 41. Qe8 Rf6 42. Qe4+ Rg6 43. Qe8 Re6 44. Qxf7 Qf6 45.
Qxf6 Rxf6 46. Kg1 g5 47. g4 Kg6 48. Rg8+ Kf7 49. Rb8 Re6 50. Kg2 Kf6 51. Rb7
Ke5 52. Kg3 Kd5 53. h4 Kc6 54. Ra7 Rd6 55. Rf7 b5 56. hxg5 hxg5 57. Rf5 Rd5 58.
Rf8 b4 59. f4 Rd3+ 60. Kf2 Rd4 61. fxg5 Rxg4 62. Rf5 b3 63. Ke3 Rg1 64. Rf2
Rxg5 65. Kd4 Kb5 66. Kc3 Ka4 67. Kb2 Rg4 68. Re2 Rh4 69. Rf2 1/2-1/2

[Event "Campeonato Aragon Preferente 2019"]
[Site "?"]
[Date "2019.02.02"]
[Round "2.62"]
[White "Maza Broto, Pablo"]
[Black "Hususan, Melisa"]
[Result "1-0"]
[WhiteElo "2065"]
[BlackElo "1763"]
[PlyCount "71"]
[EventDate "2019.??.??"]
[EventType "team-tourn"]
[EventRounds "9"]
[EventCountry "ESP"]
[WhiteTeam "Jaime Casas B"]
[BlackTeam "Marcos Frechin B"]

1. c4 g6 2. Nc3 Bg7 3. g3 d6 4. Bg2 Nc6 5. e3 e5 6. Nge2 f5 7. O-O Nf6 8. b3
O-O 9. Bb2 Nh5 10. f4 e4 11. d3 Nf6 12. Qd2 exd3 13. Qxd3 Re8 14. Nd4 Nb4 15.
Qd2 Na6 16. Nd5 Nc5 17. Rad1 Nce4 18. Qc1 a6 19. Qa1 Qd7 20. Nc2 Qf7 21. Bxe4
fxe4 22. Nxf6+ Bxf6 23. Bxf6 Bh3 24. Rf2 Re6 25. Bb2 Rf8 26. Qc1 h5 27. Nb4 h4
28. Rd5 Qh7 29. Rg5 Rf5 30. Nd5 c6 31. Rxf5 gxf5 32. Nf6+ Rxf6 33. Bxf6 Qg6 34.
Bxh4 Qg7 35. Rd2 Qc7 36. Qc3 1-0

[Event "Campeonato Aragon Preferente 2019"]
[Site "?"]
[Date "2019.02.02"]
[Round "2.63"]
[White "Alas Sebastian, Yasmina"]
[Black "Buil Rello, Jose Antonio"]
[Result "1-0"]
[WhiteElo "1729"]
[BlackElo "1761"]
[PlyCount "55"]
[EventDate "2019.??.??"]
[EventType "team-tourn"]
[EventRounds "9"]
[EventCountry "ESP"]
[WhiteTeam "Marcos Frechin B"]
[BlackTeam "Jaime Casas B"]

1. e4 d6 2. d4 Nd7 3. c4 c5 4. Nf3 g6 5. Nc3 Bg7 6. Be3 b6 7. Qd2 Bb7 8. Be2
Ngf6 9. d5 Ng4 10. Bf4 Nge5 11. Nxe5 Nxe5 12. O-O O-O 13. Bh6 Bc8 14. Bxg7 Kxg7
15. f4 Nd7 16. Rae1 a6 17. Bd1 Qc7 18. Qe3 f6 19. Rf3 Rb8 20. Rh3 b5 21. b3
bxc4 22. bxc4 Nb6 23. f5 g5 24. Qe2 Qd8 25. Rxh7+ Kxh7 26. Qh5+ Kg7 27. Qg6+
Kh8 28. Re3 1-0

[Event "Campeonato Aragon Preferente 2019"]
[Site "?"]
[Date "2019.02.02"]
[Round "2.64"]
[White "Olivan Alvira, Alejandro"]
[Black "Moya Gimeno, Raul"]
[Result "0-1"]
[WhiteElo "1459"]
[BlackElo "1710"]
[PlyCount "86"]
[EventDate "2019.??.??"]
[EventType "team-tourn"]
[EventRounds "9"]
[EventCountry "ESP"]
[WhiteTeam "Jaime Casas B"]
[BlackTeam "Marcos Frechin B"]

1. d4 Nf6 2. Nf3 g6 3. Bf4 Bg7 4. e3 b6 5. Nc3 Bb7 6. Be2 O-O 7. h4 d6 8. O-O
Nbd7 9. Re1 a6 10. a4 Re8 11. Qd3 e5 12. dxe5 dxe5 13. Bg5 e4 14. Qd1 exf3 15.
Bxf3 Bxf3 16. Qxf3 h6 17. Bf4 Nh5 18. g3 Nxf4 19. Qxf4 Ne5 20. Rad1 Qf6 21. Kg2
Qxf4 22. exf4 Nc4 23. Rxe8+ Rxe8 24. Rd7 Nxb2 25. Rxc7 Bxc3 26. Rxc3 Nxa4 27.
Rc6 Re6 28. Rc7 f5 29. Kh3 h5 30. f3 Nc5 31. g4 a5 32. gxf5 gxf5 33. Rc8+ Kg7
34. Rc7+ Kh6 35. Rc8 a4 36. Rh8+ Kg6 37. Rg8+ Kf7 38. Rg5 Re8 39. Rxf5+ Kg6 40.
Rg5+ Kh6 41. f5 a3 42. Rg6+ Kh7 43. Rxb6 a2 0-1

[Event "Campeonato Aragon Preferente 2019"]
[Site "?"]
[Date "2019.02.02"]
[Round "2.65"]
[White "Malo Guillen, Jose Luis"]
[Black "Barranco Mananet, Fernando"]
[Result "1-0"]
[WhiteElo "2140"]
[BlackElo "2045"]
[PlyCount "77"]
[EventDate "2019.??.??"]
[EventType "team-tourn"]
[EventRounds "9"]
[EventCountry "ESP"]
[WhiteTeam "Las Fuentes"]
[BlackTeam "Monzon"]

1. d4 Nf6 2. c4 e6 3. Nf3 Bb4+ 4. Bd2 c5 5. Bxb4 cxb4 6. Nbd2 O-O 7. e4 d6 8.
g3 b6 9. Bg2 Bb7 10. Qc2 Qc7 11. O-O Nbd7 12. Rfe1 e5 13. a3 bxa3 14. Rxa3 a5
15. Qb1 Nb8 16. b4 Nfd7 17. Bh3 Nc6 18. bxa5 bxa5 19. d5 Nb4 20. Bxd7 Qxd7 21.
c5 dxc5 22. Nxe5 Qc7 23. Nec4 f5 24. f3 fxe4 25. fxe4 Nxd5 26. exd5 Bxd5 27.
Qb6 Qf7 28. Rf1 Qh5 29. Qxc5 Rac8 30. Rxf8+ Rxf8 31. Ne3 Rd8 32. Nxd5 Rxd5 33.
Qc8+ Kf7 34. Rf3+ Ke7 35. Qc7+ Ke8 36. Re3+ Kf8 37. Qc8+ Kf7 38. Qe8+ Kf6 39.
Qe6+ 1-0

[Event "Campeonato Aragon Preferente 2019"]
[Site "?"]
[Date "2019.02.02"]
[Round "2.66"]
[White "Arrieta Restrepo, Steven"]
[Black "Alonso Blasco, Jose Miguel"]
[Result "1/2-1/2"]
[WhiteElo "1949"]
[BlackElo "1958"]
[PlyCount "78"]
[EventDate "2019.??.??"]
[EventType "team-tourn"]
[EventRounds "9"]
[EventCountry "ESP"]
[WhiteTeam "Monzon"]
[BlackTeam "Las Fuentes"]

1. e4 c6 2. d4 d5 3. e5 Bf5 4. h4 h5 5. Bd3 Bxd3 6. Qxd3 e6 7. Bg5 Qa5+ 8. Nc3
Qa6 9. Qxa6 Nxa6 10. a3 c5 11. Nb5 c4 12. Ne2 Kd7 13. f3 Nc7 14. Nxc7 Kxc7 15.
O-O-O b5 16. g4 a5 17. Ng3 g6 18. gxh5 gxh5 19. f4 Ne7 20. f5 b4 21. a4 Kd7 22.
fxe6+ fxe6 23. Rhf1 Bh6 24. Bxh6 Rxh6 25. Rf7 Rg8 26. Ne2 Rg4 27. Rf8 Rg8 28.
Rxg8 Nxg8 29. Rg1 Ne7 30. Nf4 Nf5 31. c3 bxc3 32. bxc3 Nxh4 33. Rh1 Nf5 34.
Rxh5 Rxh5 35. Nxh5 Ke7 36. Nf6 Ng7 37. Ng8+ Kf7 38. Nf6 Ke7 39. Ng8+ Kf7
1/2-1/2

[Event "Campeonato Aragon Preferente 2019"]
[Site "?"]
[Date "2019.02.02"]
[Round "2.67"]
[White "Querol Soro, Sergio"]
[Black "Hidalgo Gracia, Andres"]
[Result "1/2-1/2"]
[WhiteElo "1927"]
[BlackElo "1846"]
[PlyCount "54"]
[EventDate "2019.??.??"]
[EventType "team-tourn"]
[EventRounds "9"]
[EventCountry "ESP"]
[WhiteTeam "Las Fuentes"]
[BlackTeam "Monzon"]

1. Nf3 d5 2. g3 Nf6 3. Bg2 e6 4. d4 c5 5. O-O Nc6 6. c4 cxd4 7. Nxd4 Be7 8.
cxd5 exd5 9. Nc3 O-O 10. a3 h6 11. Bf4 Be6 12. Ncb5 Nxd4 13. Qxd4 Ne8 14. Rac1
Bf6 15. Qb4 g5 16. Be3 b6 17. Rfd1 a5 18. Qd2 Nd6 19. Nxd6 Qxd6 20. Bxd5 Qxd5
21. Qxd5 Bxd5 22. Rxd5 Bxb2 23. Rc6 Bxa3 24. Rxh6 f6 25. h4 gxh4 26. Rxh4 a4
27. Rd7 Bb2 1/2-1/2

[Event "Campeonato Aragon Preferente 2019"]
[Site "?"]
[Date "2019.02.02"]
[Round "2.68"]
[White "Ocabo Vera, Pedro Aristides"]
[Black "Mombiela De Sus, Jose Luis"]
[Result "0-1"]
[WhiteElo "1775"]
[BlackElo "1903"]
[PlyCount "78"]
[EventDate "2019.??.??"]
[EventType "team-tourn"]
[EventRounds "9"]
[EventCountry "ESP"]
[WhiteTeam "Monzon"]
[BlackTeam "Las Fuentes"]

1. d4 e6 2. Bf4 f5 3. e3 Nf6 4. Nf3 b6 5. Nbd2 Bb7 6. c3 Be7 7. h3 O-O 8. Bd3
c5 9. a3 Nc6 10. O-O Kh8 11. Bb5 Qc8 12. Rc1 a6 13. Bd3 Nd8 14. Re1 Be4 15. Bf1
Nf7 16. Be5 Bc6 17. Bxf6 gxf6 18. g3 Rg8 19. Bg2 Qc7 20. Nf1 Nd6 21. N3d2 Bxg2
22. Kxg2 Qc6+ 23. Qf3 Ne4 24. Nxe4 fxe4 25. Qe2 Rg6 26. dxc5 bxc5 27. Rcd1 c4
28. Nd2 d5 29. Rh1 Rag8 30. Rdg1 Bd6 31. Nf1 f5 32. Qd2 Be5 33. h4 Qc7 34. Rh3
Qb7 35. Nh2 Qb8 36. Kf1 R8g7 37. Ke2 Rb7 38. Rb1 Rb3 39. f4 Bxc3 0-1

[Event "Campeonato Aragon Preferente 2019"]
[Site "?"]
[Date "2019.02.02"]
[Round "2.69"]
[White "Escartin Lacasa, Jose"]
[Black "Veras Sanz, Marino"]
[Result "1-0"]
[WhiteElo "1976"]
[BlackElo "2084"]
[PlyCount "0"]
[EventDate "2019.??.??"]
[EventType "team-tourn"]
[EventRounds "9"]
[EventCountry "ESP"]
[WhiteTeam "Jaque B"]
[BlackTeam "El Olivar B"]

1. d4 Nf6 2. Nf3 d5 3. Bf4 e6 4. e3 c5 5. c3 Bd6 6. Bg3 Nc6 7. Nbd2 O-O 8. Bd3
b6 9. Ne5 Qc7 10. f4 Ne7 11. Bf2 Bb7 12. Qf3 cxd4 13. exd4 Nd7 14. Qh3 Nf6 15.
Qf3 Nd7 16. O-O-O f5 17. Nxd7 Qxd7 18. Rhe1 Ng6 19. g3 b5 20. Qe2 Rfe8 21. Bxb5
Bc6 22. Bxc6 Qxc6 23. Nf3 Rab8 24. Qd3 Qa4 25. Kb1 Ba3 26. Rd2 Rb6 27. Ree2
Reb8 28. Ka1 Be7 29. Re1 Ra6 30. b4 Rc6 31. Rb1 Qa3 32. Rc2 Bxb4 33. Rb3 Bxc3+
34. Rbxc3 Rcb6 35. Qd1 Qa6 36. Qc1 Rb1+ 37. Qxb1 Rxb1+ 38. Kxb1 h6 39. h4 Qf1+
40. Kb2 a5 41. h5 Nf8 42. Rb3 a4 43. Rbc3 Qb5+ 44. Kc1 Nd7 45. Rc8+ Kh7 46. Ne5
Nf6 47. Ng6 Qf1+ 48. Kb2 a3+ 49. Kxa3 Qa6+ 50. Kb2 Nxh5 51. Nf8+ Kg8 52. Nxe6+
Kh7 53. Nf8+ Kg8 54. a3 Qd3 55. Ng6+ Kh7 56. Ne5 Qb5+ 57. Ka2 Nf6 58. Nf7 Kg6
59. R8c7 Ne4 60. Be1 Qf1 61. Bb4 Nxg3 62. Ne5+ Kh7 63. Bf8 Nh5 64. Rh2 Qxf4 65.
Rxh5 Qd2+ 66. Kb3 Qd1+ 67. Kb4 Qxd4+ 68. Ka5 Qd2+ 69. Bb4 Qe2 70. Rxf5 1-0

[Event "Campeonato Aragon Preferente 2019"]
[Site "?"]
[Date "2019.02.02"]
[Round "2.70"]
[White "Gracia Campo, Carlos Alberto"]
[Black "Carrasquer Alonso, Luis"]
[Result "1-0"]
[WhiteElo "2074"]
[BlackElo "1840"]
[PlyCount "0"]
[EventDate "2019.??.??"]
[EventType "team-tourn"]
[EventRounds "9"]
[EventCountry "ESP"]
[WhiteTeam "El Olivar B"]
[BlackTeam "Jaque B"]

1. e4 e5 2. Nf3 Nc6 3. Bc4 Be7 4. O-O Nf6 5. Re1 d6 6. h3 O-O 7. c3 a6 8. d4
exd4 9. cxd4 d5 10. exd5 Nxd5 11. Bxd5 Qxd5 12. Nc3 Qd8 13. d5 Na7 14. Qb3 b5
15. Bf4 Bb7 16. Rad1 Bd6 17. Bxd6 cxd6 18. Nd4 Qd7 19. Ne4 Rfe8 20. Qg3 Kf8 21.
Nxd6 Rxe1+ 22. Rxe1 Bxd5 23. N4f5 g6 24. Qe5 f6 25. Qxf6+ 1-0

[Event "Campeonato Aragon Preferente 2019"]
[Site "?"]
[Date "2019.02.02"]
[Round "2.71"]
[White "Lamelas Andreu, Jose Carlos"]
[Black "Bayod Rubia, Angel"]
[Result "1/2-1/2"]
[WhiteElo "1637"]
[BlackElo "1961"]
[PlyCount "0"]
[EventDate "2019.??.??"]
[EventType "team-tourn"]
[EventRounds "9"]
[EventCountry "ESP"]
[WhiteTeam "Jaque B"]
[BlackTeam "El Olivar B"]

1. f4 d5 2. Nf3 Nf6 3. e3 g6 4. b3 Bg7 5. Bb2 O-O 6. Be2 Nbd7 7. O-O Nc5 8. Be5
c6 9. a4 Nce4 10. Qe1 Nd6 11. Nc3 Bf5 12. Rc1 Nde4 13. Nh4 Nxc3 14. Bxc3 Bd7
15. Be5 Qb6 16. Kh1 Rae8 17. Bd3 Qd8 18. Nf3 Ne4 19. Bxg7 Kxg7 20. Be2 f6 21.
d3 Nd6 22. Nd2 e5 23. e4 dxe4 24. Nxe4 Nxe4 25. dxe4 exf4 26. Rxf4 g5 27. Qg3
Kh8 28. Rf2 Rxe4 29. Bd3 Re5 30. Rcf1 Qe7 31. Rf3 c5 32. h3 Kg7 33. Qf2 h5 34.
Kg1 b6 35. Kh1 h4 1/2-1/2

[Event "Campeonato Aragon Preferente 2019"]
[Site "?"]
[Date "2019.02.02"]
[Round "2.72"]
[White "Arinez Bruna, Octavio"]
[Black "Huerva Lacuna, Isidro"]
[Result "1-0"]
[WhiteElo "1905"]
[BlackElo "1570"]
[PlyCount "0"]
[EventDate "2019.??.??"]
[EventType "team-tourn"]
[EventRounds "9"]
[EventCountry "ESP"]
[WhiteTeam "El Olivar B"]
[BlackTeam "Jaque B"]

1. Nf3 Nf6 2. c4 c6 3. b3 d5 4. Bb2 g6 5. g3 Bg7 6. cxd5 cxd5 7. Bg2 O-O 8. O-O
Nc6 9. d4 e6 10. Nc3 Bd7 11. Rc1 Qe7 12. e3 Rac8 13. Ne2 b5 14. Nf4 b4 15. Nd3
Ne4 16. Nd2 Nxd2 17. Qxd2 a5 18. Rc5 Qd6 19. Rfc1 Rfd8 20. R5c2 e5 21. Nxe5
Nxe5 22. dxe5 Rxc2 23. Rxc2 Bxe5 24. Bxe5 Qxe5 25. Qd4 Qxd4 26. exd4 Be6 27.
Rc5 Rc8 28. Rxc8+ Bxc8 29. Bxd5 Bf5 30. Kf1 Kf8 31. Ke2 Ke7 32. Kd2 f6 33. h4
h6 34. Bc4 Kd6 35. Bd3 Bxd3 36. Kxd3 Kd5 37. Ke3 g5 38. hxg5 hxg5 39. g4 Kd6
40. Ke4 Ke6 41. d5+ Kd6 42. Kd4 Kd7 43. Kc5 Kc7 44. d6+ Kd7 45. Kd5 1-0

[Event "División de Honor Aragonesa 2019 - Encuentros por tableros Global"]
[Site ""]
[Date "2019.02.09"]
[Round "3.1"]
[White "Cifuentes Parada, Roberto"]
[Black "Villuendas Valero, Adrian"]
[Result "1-0"]
[WhiteElo "2445"]
[BlackElo "2249"]
[PlyCount "0"]
[WhiteTeam "Jaque"]
[BlackTeam "El Olivar"]
[EventDate "2019.01.26"]

1. d4 Nf6 2. Nf3 e6 3. g3 b5 4. Bg2 Bb7 5. O-O Be7 6. Bg5 O-O 7. c3 Ne4 8. Bxe7
Qxe7 9. Nfd2 f5 10. Nxe4 Bxe4 11. Bxe4 fxe4 12. Nd2 d5 13. f3 exf3 14. exf3 c5
15. Qe2 cxd4 16. cxd4 Nc6 17. Nb3 a6 18. Rfe1 Rfe8 19. Rac1 Rac8 20. Rc3 Qa7
21. Qf2 a5 22. Rec1 Qb6 23. Kg2 a4 24. Nc5 b4 25. R3c2 Qb5 26. b3 axb3 27. Nxb3
Ne7 28. Qe1 Rc6 29. Rc5 Qa6 30. R1c2 Qb6 31. Re2 Rd6 32. Qc1 Ra8 33. Rec2 Rd7
34. Qf4 Qd6 35. Qd2 Rda7 36. Nc1 Qb6 37. Nd3 b3 38. axb3 Qxb3 39. R5c3 Qb6 40.
Ne5 h6 41. Nc6 Rb7 42. Qe3 Nxc6 43. Rxc6 Qb1 44. Qxe6+ Kh8 45. Rc8+ 1-0

[Event "División de Honor Aragonesa 2019 - Encuentros por tableros Global"]
[Site ""]
[Date "2019.02.09"]
[Round "3.2"]
[White "Hernando Garcia, Antonio"]
[Black "Eizaguerri Floris, Maria"]
[Result "1/2-1/2"]
[WhiteElo "2139"]
[BlackElo "2071"]
[PlyCount "0"]
[WhiteTeam "El Olivar"]
[BlackTeam "Jaque"]
[EventDate "2019.01.26"]

1. c4 e5 2. g3 Nc6 3. Bg2 Nf6 4. Nc3 Bc5 5. d3 d6 6. Nf3 a6 7. O-O O-O 8. a3
Ba7 9. b4 h6 10. Rb1 Be6 11. Ne1 d5 12. cxd5 Nxd5 13. Nxd5 Bxd5 14. Bxd5 Qxd5
15. Qb3 Qxb3 16. Rxb3 Nd4 17. Rb2 b5 18. e3 Ne6 19. Rc2 c5 20. Bb2 f6 21. bxc5
Bxc5 22. Nf3 Rfd8 23. Rfc1 Rd5 24. Ne1 Bf8 25. Rc8 Rxc8 26. Rxc8 Kf7 27. Kf1
Nc5 28. Ke2 Na4 29. Bc1 a5 30. Bd2 Bxa3 31. e4 Rc5 32. Rxc5 Bxc5 33. Bxa5 b4
34. Nf3 b3 35. Nd2 b2 36. Nb1 Ke6 37. f3 Kd7 38. Kd1 Bg1 39. h3 Bf2 40. g4 Bd4
41. Bb4 Bc5 42. Bxc5 Nxc5 43. Kc2 Ne6 44. Nd2 Nf4 45. h4 g6 46. h5 gxh5 47.
gxh5 Nxh5 48. Nc4 Nf4 49. Nxb2 h5 50. Nd1 Ke6 51. Kd2 h4 52. Ke3 Ng6 53. Nf2
Nf4 54. d4 Ng2+ 55. Kd3 1/2-1/2

[Event "División de Honor Aragonesa 2019 - Encuentros por tableros Global"]
[Site ""]
[Date "2019.02.09"]
[Round "3.3"]
[White "Ereza Vizcarra, Fernando"]
[Black "Melendez Fierro, Juan Bautista"]
[Result "1/2-1/2"]
[WhiteElo "2059"]
[BlackElo "2108"]
[PlyCount "0"]
[WhiteTeam "Jaque"]
[BlackTeam "El Olivar"]
[EventDate "2019.01.26"]

1. e4 e6 2. d4 d5 3. Bd3 c5 4. exd5 exd5 5. Nf3 Nf6 6. O-O c4 7. Re1+ Be7 8.
Bf1 O-O 9. c3 Bg4 10. b3 cxb3 11. axb3 Nc6 12. Bb2 Re8 13. Qd3 Bh5 14. Na3 Rc8
15. Nc2 Bg6 16. Qd1 a6 17. Ne3 Ne4 18. b4 Na7 19. Qb3 Nf6 20. Ne5 Bf8 21. b5
Nxb5 22. Bxb5 axb5 23. Qxb5 Bd6 24. Nxg6 hxg6 25. g3 Bf8 26. Ra7 Ne4 27. Nxd5
Nd6 28. Rxe8 Nxb5 29. Rxd8 Rxd8 30. Rxb7 Rxd5 31. c4 Nd6 32. Rc7 Ra5 33. c5 Ne4
34. c6 Ra2 35. Rb7 Bd6 36. d5 Nc5 37. c7 Ra8 38. Ra7 Rc8 39. Ba3 Ne4 40. Bxd6
Nxd6 41. Ra6 Ne8 42. d6 Nxd6 43. Rxd6 Rxc7 1/2-1/2

[Event "División de Honor Aragonesa 2019 - Encuentros por tableros Global"]
[Site ""]
[Date "2019.02.09"]
[Round "3.4"]
[White "Arinez Bruna, Octavio"]
[Black "Escartin Lacasa, Jose"]
[Result "0-1"]
[WhiteElo "1905"]
[BlackElo "1976"]
[PlyCount "0"]
[WhiteTeam "El Olivar"]
[BlackTeam "Jaque"]
[EventDate "2019.01.26"]


1. Nf3 d5 2. d4 Nf6 3. c4 c6 4. Qc2 e6 5. cxd5 cxd5 6. Bf4 Nc6 7. e3 Bd6 8.
Bxd6 Qxd6 9. Be2 O-O 10. O-O b6 11. Nc3 Bb7 12. Rfd1 Rac8 13. Rac1 Rfd8 14. Qb1
Qe7 15. h3 Nd7 16. Bd3 h6 17. Bf1 a6 18. Ne2 b5 19. Nf4 b4 20. Nd3 a5 21. Nc5
Nxc5 22. Rxc5 e5 23. Rdc1 exd4 24. Nxd4 Nxd4 25. exd4 Qg5 26. R1c2 Qf4 27. Qc1
Rxc5 28. dxc5 Qxc1 29. Rxc1 Bc6 30. Bd3 Re8 31. Kf1 Kf8 32. g3 Re6 33. a3 Be8
34. axb4 axb4 35. Re1 Ke7 36. Ba6 Bc6 37. Bc8 Bb5+ 0-1

[Event "División de Honor Aragonesa 2019 - Encuentros por tableros Global"]
[Site ""]
[Date "2019.02.09"]
[Round "3.5"]
[White "Garza Marco, Sergio"]
[Black "Cid Royo, Jonathan"]
[Result "1-0"]
[WhiteElo "2407"]
[BlackElo "2205"]
[PlyCount "0"]
[WhiteTeam "Helios"]
[BlackTeam "L'Aurora Estadilla"]
[EventDate "2019.01.26"]

1. Nf3 d5 2. c4 e6 3. g3 Nf6 4. Bg2 c6 5. b3 Bd6 6. Bb2 Nbd7 7. d4 O-O 8. O-O
Ne4 9. Qc2 f5 10. Ne5 Qc7 11. Nd3 Ndf6 12. c5 Be7 13. f3 Ng5 14. Bc1 Nf7 15.
Bf4 Qd8 16. Nc3 g5 17. Bd2 Nh5 18. b4 Bf6 19. e3 e5 20. dxe5 Nxe5 21. Nxe5 Bxe5
22. Rad1 Qe7 23. Ne2 Bf6 24. Rfe1 Qf7 25. Bc1 Bd7 26. Nd4 Ng7 27. Bf1 Rae8 28.
Bb2 Re7 29. Bd3 Rfe8 30. Qf2 h5 31. Kh1 Qf8 32. Qd2 Qf7 33. Re2 Qg6 34. g4 Qh6
35. gxf5 Bxd4 36. Bxd4 Nxf5 37. Bxf5 Bxf5 38. e4 dxe4 39. Rg1 exf3 40. Qxg5+
Qxg5 41. Rxg5+ Kh7 42. Rxe7+ Rxe7 43. Rxf5 Re1+ 44. Bg1 Rf1 45. h4 Kg6 46. Rf4
Rb1 47. Rxf3 Rxb4 48. Bf2 b6 49. a3 1-0

[Event "División de Honor Aragonesa 2019 - Encuentros por tableros Global"]
[Site ""]
[Date "2019.02.09"]
[Round "3.6"]
[White "Cid Royo, Oscar"]
[Black "Calvo Simon, Jorge"]
[Result "0-1"]
[WhiteElo "2042"]
[BlackElo "2192"]
[PlyCount "0"]
[WhiteTeam "L'Aurora Estadilla"]
[BlackTeam "Helios"]
[EventDate "2019.01.26"]

1. d4 Nf6 2. Nf3 g6 3. Bf4 Bg7 4. c3 d6 5. h3 O-O 6. e3 b6 7. Bd3 Bb7 8. Qe2 c5
9. O-O Nbd7 10. Ba6 Qc7 11. Na3 Rab8 12. Bxb7 Qxb7 13. Nc4 b5 14. Ncd2 b4 15.
c4 Rbc8 16. Rad1 Ne4 17. Nxe4 Qxe4 18. d5 Nb6 19. b3 a5 20. Nh4 Bf6 21. f3 Qxf4
22. exf4 Bxh4 23. Kh2 Bf6 24. g4 Rce8 25. f5 g5 26. h4 h6 27. f4 Kg7 28. Kh3 a4
29. Qd2 Rh8 30. Kg2 gxf4 31. Rh1 Be5 32. g5 a3 33. gxh6+ Rxh6 34. Kf3 Reh8 35.
Rdg1+ Kf8 36. Rg4 Nd7 37. Qg2 Nf6 38. Rg5 Nh7 39. Rg4 Nf6 40. Rg7 Rxh4 41. Rxh4
Rxh4 42. Rg5 Rh7 43. Qf1 Rh2 44. Rg1 Rc2 45. Rh1 Rc3+ 46. Ke2 Ng4 47. Rh3 Rc2+
48. Kf3 Nh2+ 49. Rxh2 Rxh2 50. Qb1 Rh3+ 51. Kg2 Rg3+ 52. Kf2 Bd4+ 53. Ke2 f3+
54. Kd2 Rg2+ 0-1